DREAMWEAVER MX 2004 BIBLE (Record no. 956)

MARC details
000 -LEADER
fixed length control field 00309nam a2200121Ia 4500
008 - FIXED-LENGTH DATA ELEMENTS--GENERAL INFORMATION
fixed length control field 240624s9999 xx 000 0 und d
041 ## - LANGUAGE CODE
Language code of text/sound track or separate title eng
082 ## - DEWEY DECIMAL CLASSIFICATION NUMBER
Classification number 006.74 LOW
100 ## - MAIN ENTRY--PERSONAL NAME
Personal name LOWERY JOSEPH W
245 ## - TITLE STATEMENT
Title DREAMWEAVER MX 2004 BIBLE
260 ## - PUBLICATION, DISTRIBUTION, ETC.
Date of publication, distribution, etc. 2004
Place of publication, distribution, etc. New Delhi
Name of publisher, distributor, etc. Wiley Dreamtech India
300 ## - PHYSICAL DESCRIPTION
Extent xxxi, : 1177
Holdings
Withdrawn status Lost status Damaged status Not for loan Home library Current library Shelving location Date acquired Full call number Barcode Date last seen Price effective from Koha item type
        IMTN IMTN Rack 3-B 10/29/2004 006.74 LOW 956 06/24/2024 06/24/2024 Books
Designed & Maintained by: LRC IMT Nagpur Contact: lrc@imtnag.ac.in© 2024. All Rights Reserved.